000 00512nam a2200181Ia 4500
008 090124s9999 xx 000 0 und d
082 _b30402
_a3478
100 _aसामंत बाळ
245 _a शूरा मी वंदिले
250 _a1
260 _c2000
300 _a172
600 _aसामंत बाळ
630 _a शूरा मी वंदिले
700 _aसामंत बाळ
730 _a शूरा मी वंदिले
942 _cBOOK
999 _c143883
_d143883